000 00364nam a2200145Ia 4500
003 LDD
008 181029s9999 xx 000 0 und d
040 _cLDD
100 _aBhatt, G.D
245 0 _aIndo-Soviet relations and Indian public opinion
_cG.D Bhatt
260 _aDelhi
_bPacifier
_c1989
300 _avi, 245
901 _a397
_b26-03-1996
942 _2ddc
_cBK
999 _c36969
_d36969